| 000 | 01836cam a2200277 4500 | ||
|---|---|---|---|
| 001 | ##E134944 | ||
| 008 | 030606n2006 000 0 eng u | ||
| 035 | _a(Sirsi) u134944 | ||
| 041 | 0 | _aeng | |
| 050 | 0 | 4 | _a692.2 $2 18 |
| 110 | 2 |
_aUnited Kingdom _bDepartment for Communities and Local Government _94939 |
|
| 245 | 0 | 0 |
_aBuilding control performance standards _h[electronic resource] |
| 250 | _aRev. ed. | ||
| 260 |
_aLondon _bDCLG _c2006 |
||
| 520 | _aSets out recommended standards for the performance of building control, produced by Building Control Performance Standards Advisory Group (BCPSAG), which the department strongly encourages all building control bodies, local authorities and approved inspectors to adopt in order to continue improving the quality of building control services. The standards and guidance cover: policy, resources, consultation, assessment of plans as well as site inspection, certificates at completion, records archiving, CPD, performance review, management systems, business ethics and complaints procedures. A new system of Building Control Performance Indicators (BCPIs) have also been developed which will enable building control bodies to measure the quality of the service they provide to clients. Also includes access to guidance on how to complete them. | ||
| 520 | _aSupersedes 2003 edition (J122539) | ||
| 590 | _aIKA190906 NTK | ||
| 650 | 2 | 4 |
_aHEALTH AND SAFETY _96244 |
| 650 | 2 | 4 |
_aBUILDING CONTROL _96222 |
| 650 | 2 | 4 | _aPERFORMANCE STANDARDS |
| 651 | 4 |
_aEngland and Wales _y1543- |
|
| 690 |
_aBuilding regulations _96224 |
||
| 710 | 2 |
_aBuilding Control Performance Standards Advisory Group _95043 |
|
| 856 | 4 | 0 |
_uhttps://www.planningportal.gov.uk/uploads/br/bcpi/building-control-performance-standards_june06.pdf _vView the document at www.planningportal.gov.uk |
| 942 | _n0 | ||
| 999 |
_c105856 _d105856 |
||